| 000 | 00464nam a2200133 a 4500 | ||
|---|---|---|---|
| 008 | 120416s1980 ||||||||||||||||| || u | ||
| 050 | _aTA 666 Bre | ||
| 100 | _aBreyer, Donald E | ||
| 245 | 1 | 0 | _aDesign of wood structures |
| 260 |
_aNew York _bMcGraw-Hill _c[1980] |
||
| 300 | _axvii, 542p. : ill. | ||
| 350 | _a0.00 | ||
| 995 |
_D0.00 _FCBU-MAIN LIBRARY (Kitwe) _H1 _I0.00 _M1 _UDAMAGED _ZMain Library Open Access Collection |
||
| 999 |
_c39759 _d39759 |
||